[Event "Quebec-ch Senior"]
[Site "Montreal"]
[Date "2014.02.08"]
[Round "2"]
[White "Desjardins, Raymond"]
[Black "Nakhamtchin, Roman"]
[Result "0-1"]
[WhiteElo "1098"]
[BlackElo "1383"]
[PlyCount "66"]
[EventDate "2014.02.07"]
[EventType "swiss"]
[EventRounds "5"]
[EventCountry "CAN"]
[SourceTitle "EXT 2022"]
[Source "ChessBase"]
[SourceDate "2021.10.06"]
[SourceVersion "1"]
[SourceVersionDate "2021.10.06"]
[SourceQuality "1"]

1. d4 Nf6 2. c4 e6 3. Bg5 c5 4. e3 cxd4 5. exd4 Nc6 6. Nc3 h6 7. Bxf6 Qxf6 8. Nf3 Bb4 9. Be2 0-0 10. 0-0 a6 11. Qd2 d6 12. Ne4 Qg6 13. Nc3 Bd7 14. Qd3 f5 15. a3 Ba5 16. b4 Bc7 17. Nh4 Qf6 18. d5 Ne5 19. Qg3 f4 20. Ne4 fxg3 21. Nxf6+ Rxf6 22. fxg3 Raf8 23. Rxf6 Rxf6 24. Nf3 Ng6 25. h4 e5 26. Nh2 Ne7 27. h5 Bb6+ 28. Kh1 Bd4 29. Rf1 Nf5 30. Rf3 e4 31. Rb3 e3 32. Nf1 Ba4 33. Rd3 Bc2 0-1